[Event "Titled Tuesday intern op 08th Nov Early"]
[Site "Chess.com INT"]
[Date "2022.11.08"]
[Round "4"]
[White "Berdychevskaya, Natasha"]
[Black "Gireman, Ja"]
[Result "1-0"]
[WhiteElo "2208"]
[BlackElo "2185"]
[PlyCount "77"]
[EventDate "2022.11.08"]
[EventType "swiss (blitz)"]
[EventRounds "11"]
[EventCountry "USA"]
[SourceTitle "EXT 2024"]
[Source "ChessBase"]
[SourceDate "2023.10.10"]
[SourceVersion "1"]
[SourceVersionDate "2023.10.10"]
[SourceQuality "1"]

1. d4 Nf6 2. c4 g6 3. Nc3 d5 4. cxd5 Nxd5 5. Bd2 Bg7 6. e4 Nxc3 7. Bxc3 0-0 8. Nf3 c5 9. d5 e6 10. d6 Nc6 11. e5 a6 12. Be2 b5 13. b3 Bb7 14. 0-0 Qb6 15. Rc1 Nb4 16. Qd2 Nd5 17. Bb2 f6 18. exf6 Bxf6 19. Bxf6 Rxf6 20. Ne5 Qxd6 21. Qb2 Rf5 22. Ng4 Qf8 23. Bd3 Rg5 24. f3 Nf4 25. Nf6+ Kf7 26. Nxh7 Qe7 27. Nxg5+ Qxg5 28. Be4 Bd5 29. Rxc5 Qe7 30. Rcc1 Qa7+ 31. Qf2 Qe7 32. Qe3 g5 33. g3 Nh3+ 34. Kg2 Rh8 35. Bxd5 exd5 36. Qxe7+ Kxe7 37. Rc6 g4 38. f4 Ng5 39. fxg5 1-0

[Event "Titled Tuesday intern op 08th Nov Early"]
[Site "Chess.com INT"]
[Date "2022.11.08"]
[Round "1"]
[White "Berdychevskaya, Natasha"]
[Black "Skliarov, Viktor"]
[Result "1/2-1/2"]
[WhiteElo "2208"]
[BlackElo "2384"]
[PlyCount "54"]
[EventDate "2022.11.08"]
[EventType "swiss (blitz)"]
[EventRounds "11"]
[EventCountry "USA"]
[SourceTitle "EXT 2024"]
[Source "ChessBase"]
[SourceDate "2023.10.10"]
[SourceVersion "1"]
[SourceVersionDate "2023.10.10"]
[SourceQuality "1"]

1. d4 Nf6 2. c4 e6 3. Nc3 Bb4 4. Qc2 c5 5. dxc5 Na6 6. a3 Bxc3+ 7. Qxc3 Nxc5 8. f3 d5 9. cxd5 b6 10. b4 Na4 11. Qb3 Bd7 12. dxe6 fxe6 13. e4 0-0 14. Ba6 Nxe4 15. fxe4 Qh4+ 16. Qg3 Qxe4+ 17. Ne2 b5 18. Bh6 Rf7 19. Rf1 Raf8 20. Rxf7 Rxf7 21. Rd1 Nb2 22. Rd4 Qb1+ 23. Nc1 Nc4 24. Qb8+ Rf8 25. Qg3 Rf7 26. Qb8+ Rf8 27. Qg3 Rf7 1/2-1/2

[Event "Titled Tuesday intern op 08th Nov Early"]
[Site "Chess.com INT"]
[Date "2022.11.08"]
[Round "5"]
[White "Vlassov, Nikolai"]
[Black "Berdychevskaya, Natasha"]
[Result "1/2-1/2"]
[WhiteElo "2283"]
[BlackElo "2208"]
[PlyCount "91"]
[EventDate "2022.11.08"]
[EventType "swiss (blitz)"]
[EventRounds "11"]
[EventCountry "USA"]
[SourceTitle "EXT 2024"]
[Source "ChessBase"]
[SourceDate "2023.10.10"]
[SourceVersion "1"]
[SourceVersionDate "2023.10.10"]
[SourceQuality "1"]

1. e4 e5 2. Bc4 Nf6 3. d3 c6 4. Nf3 d5 5. Bb3 a5 6. Nc3 Bb4 7. a3 Bxc3+ 8. bxc3 0-0 9. Nxe5 a4 10. Ba2 dxe4 11. 0-0 Nbd7 12. Nxd7 Bxd7 13. Bg5 Bf5 14. d4 h6 15. Bh4 Qd6 16. c4 Rfe8 17. c5 Qf4 18. Bxf6 gxf6 19. Qc1 Qxc1 20. Rfxc1 Rad8 21. c3 e3 22. fxe3 Rxe3 23. Kf2 Rde8 24. Re1 R3e4 25. Rxe4 Bxe4 26. Re1 Kg7 27. Bb1 f5 28. g4 Rb8 29. Bxe4 fxe4 30. Rxe4 b6 31. cxb6 Rxb6 32. c4 Rb2+ 33. Re2 Rb3 34. Re3 Rb2+ 35. Kg3 Rd2 36. Re5 Rxd4 37. Rc5 Rd3+ 38. Kf4 Rxa3 39. Rxc6 Rc3 40. h4 a3 41. c5 a2 42. Ra6 Rc4+ 43. Kg3 Rc3+ 44. Kf4 Rc4+ 45. Kg3 Rc3+ 46. Kf4 1/2-1/2

[Event "Speed Chess (Women) Q2"]
[Site "Chess.com INT"]
[Date "2022.05.26"]
[Round "7"]
[White "Berdychevskaya, Natasha"]
[Black "Nguyen, Vu Thu Hien"]
[Result "0-1"]
[WhiteElo "2208"]
[BlackElo "1920"]
[PlyCount "100"]
[EventDate "2022.05.26"]
[EventType "swiss (blitz)"]
[EventRounds "14"]
[EventCountry "USA"]
[SourceTitle "CBM 208 Extra"]
[Source "ChessBase"]
[SourceDate "2022.07.31"]
[SourceVersion "1"]
[SourceVersionDate "2022.07.31"]
[SourceQuality "1"]

1. Nf3 d5 2. g3 Nf6 3. Bg2 c5 4. 0-0 Nc6 5. d4 e6 6. c4 dxc4 7. dxc5 Qxd1 8. Rxd1 Bxc5 9. Nbd2 0-0 10. Nxc4 b5 11. Nce5 Bb7 12. Nd7 Nxd7 13. Rxd7 Nd8 14. Bf4 Bc6 15. Rd2 Rc8 16. Rad1 Nb7 17. Ne5 Bxg2 18. Kxg2 Rfd8 19. Rd7 Rxd7 20. Rxd7 Nd8 21. Kf3 Bb6 22. a3 f6 23. Nd3 e5 24. Be3 Bxe3 25. Kxe3 Ne6 26. Rxa7 Nd4 27. Nb4 Rc1 28. Kd2 Rb1 29. Nd3 Rh1 30. h4 Rh2 31. e3 Nf3+ 32. Ke2 Ng1+ 33. Kf1 Nh3 34. Re7 Kf8 35. Re6 Kf7 36. Rb6 e4 37. Nf4 Rxf2+ 38. Ke1 Rh2 39. Nxh3 Rxh3 40. Rxb5 Rxg3 41. Ke2 Rg2+ 42. Kf1 Rg3 43. a4 Rxe3 44. b4 Ra3 45. a5 e3 46. Rb6 f5 47. a6 f4 48. b5 f3 49. Rb7+ Ke6 50. a7 Ra1# 0-1

[Event "Speed Chess (Women) Q2"]
[Site "Chess.com INT"]
[Date "2022.05.26"]
[Round "6"]
[White "Raharimanana, Faratiana"]
[Black "Berdychevskaya, Natasha"]
[Result "0-1"]
[WhiteElo "1707"]
[BlackElo "2208"]
[PlyCount "76"]
[EventDate "2022.05.26"]
[EventType "swiss (blitz)"]
[EventRounds "14"]
[EventCountry "USA"]
[SourceTitle "CBM 208 Extra"]
[Source "ChessBase"]
[SourceDate "2022.07.31"]
[SourceVersion "1"]
[SourceVersionDate "2022.07.31"]
[SourceQuality "1"]

1. e4 e5 2. Nf3 Nf6 3. Nc3 Bb4 4. d3 Nc6 5. Bd2 0-0 6. Be2 d5 7. exd5 Nxd5 8. Ne4 Be7 9. 0-0 f5 10. Nc3 Nf6 11. Bg5 h6 12. Bxf6 Rxf6 13. Qd2 Rg6 14. Rad1 Be6 15. a3 Bf6 16. Kh1 Nd4 17. Nxd4 exd4 18. Nb1 Bd5 19. Rg1 Qd6 20. Qe1 Re8 21. Qf1 Be5 22. f4 Bxf4 23. Bf3 Be3 24. Bxd5+ Qxd5 25. Re1 Rf8 26. Qe2 Bxg1 27. Rxg1 f4 28. Nd2 Re6 29. Ne4 f3 30. gxf3 Qh5 31. Rg3 Rf4 32. Qg2 Qf7 33. Nc5 Re1+ 34. Qg1 Rxg1+ 35. Rxg1 Rxf3 36. Kg2 Rf2+ 37. Kh1 Qf3+ 38. Rg2 Qxg2# 0-1

[Event "Titled Tuesday intern op 08th Feb Early"]
[Site "Chess.com INT"]
[Date "2022.02.08"]
[Round "6"]
[White "Berdychevskaya, Natasha"]
[Black "Rathnakaran, Kantholi"]
[Result "0-1"]
[WhiteElo "2208"]
[BlackElo "2316"]
[PlyCount "58"]
[EventDate "2022.02.08"]
[EventType "swiss (blitz)"]
[EventRounds "11"]
[EventCountry "USA"]
[SourceTitle "CBM 206 Extra"]
[Source "ChessBase"]
[SourceDate "2022.03.31"]
[SourceVersion "1"]
[SourceVersionDate "2022.03.31"]
[SourceQuality "1"]

1. d4 Nf6 2. Bf4 c5 3. e3 cxd4 4. exd4 g6 5. c3 Bg7 6. Nf3 0-0 7. Nbd2 d6 8. Be2 Nh5 9. Bg5 h6 10. Bh4 Nf4 11. 0-0 Nxe2+ 12. Qxe2 g5 13. Bg3 f5 14. h4 f4 15. Bh2 g4 16. Ne1 e5 17. dxe5 dxe5 18. Ne4 Nc6 19. h5 Bf5 20. Rd1 Qh4 21. g3 Qxh5 22. gxf4 exf4 23. Bxf4 Rae8 24. Qc4+ Be6 25. Qc5 Qxc5 26. Nxc5 Rxf4 27. Ng2 Rff8 28. Rfe1 Ne5 29. Nf4 Rxf4 0-1

[Event "Titled Tuesday intern op 08th Feb Early"]
[Site "Chess.com INT"]
[Date "2022.02.08"]
[Round "1"]
[White "Maksimenko, Viktor"]
[Black "Berdychevskaya, Natasha"]
[Result "1-0"]
[WhiteElo "2181"]
[BlackElo "2208"]
[PlyCount "49"]
[EventDate "2022.02.08"]
[EventType "swiss (blitz)"]
[EventRounds "11"]
[EventCountry "USA"]
[SourceTitle "CBM 206 Extra"]
[Source "ChessBase"]
[SourceDate "2022.03.31"]
[SourceVersion "1"]
[SourceVersionDate "2022.03.31"]
[SourceQuality "1"]

1. d4 d5 2. c4 dxc4 3. Nf3 a6 4. e3 Bg4 5. Bxc4 e6 6. h3 Bh5 7. 0-0 Nc6 8. Nbd2 Nf6 9. b3 Bd6 10. Bb2 0-0 11. Be2 Qe8 12. Nc4 Rd8 13. Rc1 e5 14. Nfxe5 Bxe2 15. Qxe2 Bxe5 16. Nxe5 Nxe5 17. dxe5 Nd5 18. Rfd1 Qe6 19. Rc4 c6 20. Rcd4 Qe7 21. Qd2 Qg5 22. g3 Rde8 23. e4 Qxd2 24. R1xd2 Nc7 25. Ba3 1-0

[Event "Titled Tuesday intern op 25th Jan"]
[Site "Chess.com INT"]
[Date "2022.01.25"]
[Round "10"]
[White "Berdychevskaya, Natasha"]
[Black "Vifleemskaia, Svetlana"]
[Result "0-1"]
[WhiteElo "2208"]
[BlackElo "1926"]
[PlyCount "48"]
[EventDate "2022.01.25"]
[EventType "swiss (blitz)"]
[EventRounds "11"]
[EventCountry "USA"]
[SourceTitle "CBM 206 Extra"]
[Source "ChessBase"]
[SourceDate "2022.03.31"]
[SourceVersion "1"]
[SourceVersionDate "2022.03.31"]
[SourceQuality "1"]

1. d4 Nf6 2. Bf4 d5 3. e3 c5 4. c3 Nc6 5. Nd2 Qb6 6. Qb3 c4 7. Qc2 g6 8. e4 e6 9. Ngf3 Bg7 10. b3 cxb3 11. axb3 dxe4 12. Ng5 Nd5 13. Bd6 Nxd4 14. cxd4 Qxd6 15. Ngxe4 Qb6 16. Qc5 Qxc5 17. Nxc5 Bxd4 18. Rc1 0-0 19. Nf3 Bc3+ 20. Ke2 Bg7 21. g3 b6 22. Nd3 Bb7 23. Bg2 Nc3+ 24. Ke3 Bh6+ 0-1

[Event "Titled Tuesday intern op 25th Jan"]
[Site "Chess.com INT"]
[Date "2022.01.25"]
[Round "6"]
[White "Berdychevskaya, Natasha"]
[Black "Zotova, Anastasia"]
[Result "0-1"]
[WhiteElo "2208"]
[BlackElo "2004"]
[PlyCount "122"]
[EventDate "2022.01.25"]
[EventType "swiss (blitz)"]
[EventRounds "11"]
[EventCountry "USA"]
[SourceTitle "CBM 206 Extra"]
[Source "ChessBase"]
[SourceDate "2022.03.31"]
[SourceVersion "1"]
[SourceVersionDate "2022.03.31"]
[SourceQuality "1"]

1. d4 d5 2. Bf4 Nf6 3. e3 e6 4. Nf3 Bd6 5. Bg3 0-0 6. Bd3 c5 7. c3 b6 8. Nbd2 Bb7 9. 0-0 Re8 10. Ne5 Bxe5 11. Bxe5 Nbd7 12. Bg3 e5 13. dxe5 Nxe5 14. Be2 d4 15. cxd4 cxd4 16. Bxe5 Rxe5 17. Nf3 Rh5 18. Nxd4 Rg5 19. Bf3 Qe7 20. Bxb7 Qxb7 21. Qf3 Qxf3 22. Nxf3 Rc5 23. Rfd1 Rac8 24. Nd4 g6 25. f3 Nd5 26. Kf2 Ne7 27. Rd2 h5 28. Rad1 h4 29. e4 Kg7 30. Ke3 a5 31. Ne2 Nc6 32. Nc3 Ne5 33. Rd4 Nc4+ 34. Kf2 Nxb2 35. R1d2 Rxc3 36. Rxb2 Rc2+ 37. Rd2 Rxd2+ 38. Rxd2 Rb8 39. Ke3 b5 40. Kd4 b4 41. Kc4 Kf6 42. Rd5 a4 43. Ra5 b3 44. axb3 axb3 45. Ra1 b2 46. Rb1 Ke5 47. g3 hxg3 48. hxg3 g5 49. Kd3 Rb3+ 50. Ke2 g4 51. fxg4 Kxe4 52. Kd2 Rxg3 53. Rxb2 Rg2+ 54. Kc1 Rxb2 55. Kxb2 Kf4 56. Kc3 Kxg4 57. Kd3 f5 58. Ke2 Kg3 59. Kf1 Kf3 60. Ke1 Kg2 61. Ke2 f4 0-1

[Event "Titled Tuesday intern op 25th Jan"]
[Site "Chess.com INT"]
[Date "2022.01.25"]
[Round "4"]
[White "Galyas, Miklos"]
[Black "Berdychevskaya, Natasha"]
[Result "1-0"]
[WhiteElo "2466"]
[BlackElo "2208"]
[PlyCount "71"]
[EventDate "2022.01.25"]
[EventType "swiss (blitz)"]
[EventRounds "11"]
[EventCountry "USA"]
[SourceTitle "CBM 206 Extra"]
[Source "ChessBase"]
[SourceDate "2022.03.31"]
[SourceVersion "1"]
[SourceVersionDate "2022.03.31"]
[SourceQuality "1"]

1. c4 c5 2. g3 Nf6 3. Bg2 e6 4. Nf3 d5 5. 0-0 Be7 6. cxd5 Nxd5 7. d4 Nc6 8. dxc5 Bxc5 9. a3 0-0 10. b4 Be7 11. Bb2 Bf6 12. Qb3 Bxb2 13. Qxb2 Qf6 14. Qxf6 Nxf6 15. Nbd2 Bd7 16. Nc4 Rfd8 17. Rfd1 Kf8 18. Nfe5 Be8 19. Nxc6 Bxc6 20. Bxc6 bxc6 21. Na5 Rac8 22. Rxd8+ Rxd8 23. Nxc6 Rd7 24. Kf1 Ne4 25. Ke1 Ke8 26. f3 Nc3 27. Rc1 Nb5 28. a4 Nd6 29. b5 Rc7 30. Rd1 Nb7 31. a5 f6 32. a6 Nc5 33. Rd8+ Kf7 34. Ra8 Nxa6 35. Nd8+ Kg6 36. bxa6 1-0

[Event "Titled Tuesday intern op 25th Jan"]
[Site "Chess.com INT"]
[Date "2022.01.25"]
[Round "8"]
[White "Lakshmi, Chidambaram"]
[Black "Berdychevskaya, Natasha"]
[Result "0-1"]
[WhiteElo "1989"]
[BlackElo "2208"]
[PlyCount "102"]
[EventDate "2022.01.25"]
[EventType "swiss (blitz)"]
[EventRounds "11"]
[EventCountry "USA"]
[SourceTitle "CBM 206 Extra"]
[Source "ChessBase"]
[SourceDate "2022.03.31"]
[SourceVersion "1"]
[SourceVersionDate "2022.03.31"]
[SourceQuality "1"]

1. e4 e5 2. Nf3 Nf6 3. d4 exd4 4. e5 Ne4 5. Qxd4 d5 6. exd6 Nxd6 7. Bd3 Nc6 8. Qf4 Qf6 9. c3 Qxf4 10. Bxf4 Bg4 11. Nbd2 Be7 12. 0-0-0 0-0-0 13. h3 Bh5 14. Rde1 Rhe8 15. Ne5 Nxe5 16. Bxe5 f6 17. Bd4 Bg6 18. Bf1 Nf5 19. Bxa7 b6 20. Ba6+ Kd7 21. Nc4 Nd6 22. Nxd6 Bxd6 23. Bb5+ c6 24. Bxb6 cxb5 25. Bxd8 Rxd8 26. g3 Kc6 27. Rd1 Rb8 28. a3 Bc5 29. Rhf1 Re8 30. Rd2 Be4 31. Re1 Bg6 32. Rf1 Bf5 33. g4 Be6 34. Re1 Bf7 35. Rxe8 Bxe8 36. Re2 Bf7 37. f4 Bc4 38. Re8 Bf1 39. h4 Bh3 40. g5 f5 41. Rg8 g6 42. Rg7 Be3+ 43. Kc2 Bxf4 44. Rxh7 Bg4 45. Rh8 Bh5 46. Kd3 Bg3 47. Kd4 Bxh4 48. Ke5 Bxg5 49. Rc8+ Kb7 50. Rc5 Kb6 51. b4 Bc1 0-1

[Event "Titled Tuesday intern op 12th Oct"]
[Site "Chess.com INT"]
[Date "2021.10.12"]
[Round "8"]
[White "Andersson, Bjorn2222"]
[Black "Berdychevskaya, Natasha"]
[Result "1-0"]
[WhiteElo "2123"]
[BlackElo "2208"]
[PlyCount "115"]
[EventDate "2021.10.12"]
[EventType "swiss (blitz)"]
[EventRounds "11"]
[EventCountry "USA"]
[SourceTitle "EXT 2023"]
[Source "ChessBase"]
[SourceDate "2022.10.05"]
[SourceVersion "1"]
[SourceVersionDate "2022.10.05"]
[SourceQuality "1"]

1. e4 e5 2. Nf3 Nf6 3. Nxe5 Nxe4 4. d4 d5 5. Nf3 Bd6 6. Bd3 0-0 7. 0-0 Bg4 8. Nbd2 Re8 9. h3 Bh5 10. c4 c6 11. cxd5 cxd5 12. Qc2 Nc6 13. Nxe4 Bxf3 14. Nxd6 Nxd4 15. Bxh7+ Kf8 16. Qc5 Ne6 17. Qa3 Re7 18. Nxb7 Qb6 19. Qxf3 Qxb7 20. Bd3 Rd8 21. b3 Kg8 22. Ba3 Red7 23. Bf5 Nd4 24. Qg4 Nxf5 25. Qxf5 Qa6 26. Bb2 Qe2 27. Qe5 Qxe5 28. Bxe5 d4 29. Rfd1 Rd5 30. Bf4 g5 31. Bd2 Kg7 32. Be1 Kf6 33. Rd3 Kf5 34. Rad1 Ke4 35. Rf3 f5 36. Bd2 g4 37. hxg4 fxg4 38. Rf4+ Kd3 39. Ba5+ Kc2 40. Rd2+ Kc1 41. Re4 Rxa5 42. Rexd4 Rh8 43. Rd1+ Kb2 44. Rxg4 Kxa2 45. b4 Rb5 46. Rgd4 Kb3 47. R1d3+ Kc2 48. Rg3 Rhb8 49. Rgg4 Kb3 50. Rge4 Rxb4 51. Rxb4+ Rxb4 52. Re5 Ra4 53. f3 a5 54. g4 Ra2 55. g5 a4 56. g6 Rd2 57. f4 a3 58. Ra5 1-0

[Event "Titled Tuesday intern op 12th Oct"]
[Site "Chess.com INT"]
[Date "2021.10.12"]
[Round "9"]
[White "Berdychevskaya, Natasha"]
[Black "Dinu, Dumitru Daniel"]
[Result "0-1"]
[WhiteElo "2208"]
[BlackElo "2213"]
[PlyCount "52"]
[EventDate "2021.10.12"]
[EventType "swiss (blitz)"]
[EventRounds "11"]
[EventCountry "USA"]
[SourceTitle "EXT 2023"]
[Source "ChessBase"]
[SourceDate "2022.10.05"]
[SourceVersion "1"]
[SourceVersionDate "2022.10.05"]
[SourceQuality "1"]

1. d4 Nf6 2. c4 c5 3. d5 b5 4. cxb5 a6 5. bxa6 g6 6. Nf3 Bg7 7. g3 0-0 8. Bg2 Bxa6 9. 0-0 d6 10. Nc3 Nbd7 11. Re1 Qa5 12. e4 Nb6 13. Qc2 Nc4 14. Bg5 Rab8 15. Rab1 h6 16. Bf4 g5 17. Bc1 Nd7 18. h4 f6 19. Nh2 Nde5 20. f4 Nd7 21. f5 Nde5 22. Nf3 g4 23. Nxe5 Nxe5 24. b3 Bd3 25. Qb2 Bxb1 26. Qxb1 Qxc3 0-1

[Event "Titled Tuesday intern op 12th Oct"]
[Site "Chess.com INT"]
[Date "2021.10.12"]
[Round "4"]
[White "Berdychevskaya, Natasha"]
[Black "Urquhart, Eddie"]
[Result "0-1"]
[WhiteElo "2208"]
[BlackElo "2209"]
[PlyCount "44"]
[EventDate "2021.10.12"]
[EventType "swiss (blitz)"]
[EventRounds "11"]
[EventCountry "USA"]
[SourceTitle "EXT 2023"]
[Source "ChessBase"]
[SourceDate "2022.10.05"]
[SourceVersion "1"]
[SourceVersionDate "2022.10.05"]
[SourceQuality "1"]

1. d4 Nf6 2. c4 e6 3. Nf3 Nc6 4. g3 Bb4+ 5. Bd2 a5 6. Bg2 0-0 7. 0-0 Bxd2 8. Nbxd2 d6 9. e4 e5 10. d5 Nb8 11. c5 Nbd7 12. c6 bxc6 13. dxc6 Nc5 14. Qc2 Ba6 15. Rfd1 Bd3 16. Qc3 Nfxe4 17. Nxe4 Bxe4 18. Nxe5 Bxg2 19. Kxg2 Qe8 20. Rac1 Ra7 21. Re1 Qa8 22. Nd7 Qxc6+ 0-1

[Event "Titled Tuesday intern op 12th Oct"]
[Site "Chess.com INT"]
[Date "2021.10.12"]
[Round "7"]
[White "Deuer, Marius"]
[Black "Berdychevskaya, Natasha"]
[Result "1/2-1/2"]
[WhiteElo "2226"]
[BlackElo "2208"]
[PlyCount "123"]
[EventDate "2021.10.12"]
[EventType "swiss (blitz)"]
[EventRounds "11"]
[EventCountry "USA"]
[SourceTitle "EXT 2023"]
[Source "ChessBase"]
[SourceDate "2022.10.05"]
[SourceVersion "1"]
[SourceVersionDate "2022.10.05"]
[SourceQuality "1"]

1. Nf3 d5 2. g3 Bf5 3. Bg2 h6 4. Kf1 Nf6 5. c4 e6 6. Qb3 Qc8 7. cxd5 exd5 8. Nd4 Be6 9. Nc3 c6 10. e4 dxe4 11. Nxe6 fxe6 12. Nxe4 Nbd7 13. Qxe6+ Kd8 14. Bh3 Qc7 15. Nxf6 Nxf6 16. d4 Bd6 17. Be3 Re8 18. Qb3 Nd5 19. Ke2 Bf4 20. gxf4 Nxf4+ 21. Kd2 Nxh3 22. Rae1 Nf4 23. Qc3 Nd5 24. Qc5 b6 25. Qc4 Qd6 26. Rhg1 g5 27. h4 gxh4 28. Rh1 Qf6 29. Qd3 Kc7 30. Reg1 Rg8 31. Qe2 Rae8 32. Qh5 Nxe3 33. fxe3 Qf2+ 34. Qe2 Qxe2+ 35. Kxe2 Rg3 36. Rxg3 hxg3 37. Rxh6 Rg8 38. Rh7+ Kd6 39. Kf1 a5 40. Kg1 Kd5 41. Rd7+ Ke4 42. Re7+ Kf3 43. e4 Ke3 44. e5 Kf3 45. Rf7+ Ke3 46. e6 Kxd4 47. e7 Re8 48. Kg2 c5 49. Kxg3 c4 50. Kf4 b5 51. Kf5 b4 52. Ke6 c3 53. bxc3+ bxc3 54. Rf1 c2 55. Kd7 Rxe7+ 56. Kxe7 Kc3 57. Kd6 Kb2 58. Kc5 a4 59. Kb4 a3 60. Rg1 Kxa2 61. Kc3 c1Q+ 62. Rxc1 1/2-1/2

[Event "Titled Tuesday intern op 12th Oct"]
[Site "Chess.com INT"]
[Date "2021.10.12"]
[Round "2"]
[White "Vivas Zamora, Fabian Ernesto"]
[Black "Berdychevskaya, Natasha"]
[Result "1/2-1/2"]
[WhiteElo "2344"]
[BlackElo "2208"]
[PlyCount "100"]
[EventDate "2021.10.12"]
[EventType "swiss (blitz)"]
[EventRounds "11"]
[EventCountry "USA"]
[SourceTitle "EXT 2023"]
[Source "ChessBase"]
[SourceDate "2022.10.05"]
[SourceVersion "1"]
[SourceVersionDate "2022.10.05"]
[SourceQuality "1"]

1. c4 e5 2. Nc3 Nf6 3. Nf3 Nc6 4. e4 Be7 5. d4 d6 6. Be2 0-0 7. 0-0 h6 8. b3 Re8 9. d5 Nb8 10. Ne1 Nbd7 11. Nd3 Nf8 12. f4 Ng6 13. f5 Nf8 14. Be3 b6 15. a4 a5 16. b4 axb4 17. Nxb4 Bd7 18. Ra2 N6h7 19. Qb3 Bg5 20. Bf2 Bh4 21. g3 Bf6 22. Rfa1 Ng5 23. Kg2 g6 24. Nc6 Bxc6 25. dxc6 gxf5 26. exf5 e4 27. Be3 Nf3 28. Rf1 Nd4 29. Bxd4 Bxd4 30. Nd5 Nh7 31. Rf4 Kh8 32. Qd1 Bc5 33. Rh4 Qg5 34. Qf1 e3 35. Qf4 Qxf4 36. Nxf4 Kg7 37. Rg4+ Kh8 38. Rh4 Kg7 39. Nd5 Ra7 40. Rg4+ Kh8 41. f6 Ng5 42. Bd3 e2 43. Rxe2 Rxe2+ 44. Bxe2 Rxa4 45. h4 Ne6 46. Ne7 Ra2 47. Kf1 Ra1+ 48. Kg2 Ra2 49. Kf3 Ra3+ 50. Kg2 Ra2 1/2-1/2

[Event "Titled Tuesday intern op 12th Oct"]
[Site "Chess.com INT"]
[Date "2021.10.12"]
[Round "3"]
[White "Yordanov, Nikolay Plamenov"]
[Black "Berdychevskaya, Natasha"]
[Result "1-0"]
[WhiteElo "2222"]
[BlackElo "2208"]
[PlyCount "149"]
[EventDate "2021.10.12"]
[EventType "swiss (blitz)"]
[EventRounds "11"]
[EventCountry "USA"]
[SourceTitle "EXT 2023"]
[Source "ChessBase"]
[SourceDate "2022.10.05"]
[SourceVersion "1"]
[SourceVersionDate "2022.10.05"]
[SourceQuality "1"]

1. d4 d5 2. Bf4 Nc6 3. e3 Bf5 4. Bd3 e6 5. Nf3 Nf6 6. 0-0 Be7 7. h3 0-0 8. Nbd2 Ne4 9. Qe2 Qd7 10. a3 h6 11. c4 Rad8 12. c5 Bh7 13. b4 a6 14. Rfb1 Nc3 15. Bxh7+ Kxh7 16. Qd3+ Ne4 17. Nxe4 dxe4 18. Qxe4+ Kg8 19. a4 Rfe8 20. b5 Nb8 21. Qxb7 axb5 22. axb5 Bf6 23. Qxc7 e5 24. Qxd7 Nxd7 25. Nxe5 Nxe5 26. Bxe5 Bxe5 27. dxe5 Rxe5 28. c6 Rc5 29. Ra6 Rb8 30. Ra7 Rxc6 31. bxc6 Rxb1+ 32. Kh2 Rc1 33. Rc7 Kh7 34. Kg3 Kg6 35. Kf4 Rc2 36. Kf3 Kf6 37. g4 Rc4 38. Kg3 Rc3 39. Rc8 Rc2 40. f4 Rc3 41. Kf3 g5 42. c7 gxf4 43. Kxf4 Rc4+ 44. Kf3 Rc3 45. Rh8 Rxc7 46. Rxh6+ Kg5 47. Rh5+ Kg6 48. Rf5 Rc1 49. Rh5 Rh1 50. Kg3 Re1 51. Re5 Kf6 52. Re8 Rg1+ 53. Kh4 Kg6 54. e4 Rh1 55. e5 Re1 56. Rg8+ Kh7 57. Rg5 Kh6 58. Rf5 Kg6 59. Rg5+ Kh6 60. Rh5+ Kg6 61. Kg3 Re3+ 62. Kf4 Re1 63. h4 Rf1+ 64. Ke4 Re1+ 65. Kd5 Rd1+ 66. Kc5 Rg1 67. Rg5+ Kh6 68. Kd6 Rh1 69. Rh5+ Kg6 70. Ke7 Re1 71. Rg5+ Kh6 72. Kf6 Rf1+ 73. Rf5 Rxf5+ 74. gxf5 Kh5 75. Kxf7 1-0

[Event "Titled Tuesday intern op 21st Sept"]
[Site "Chess.com INT"]
[Date "2021.09.21"]
[Round "3"]
[White "Guzman Moneo, Alberto"]
[Black "Berdychevskaya, Natasha"]
[Result "1/2-1/2"]
[WhiteElo "2196"]
[BlackElo "2208"]
[PlyCount "71"]
[EventDate "2021.09.21"]
[EventType "swiss (blitz)"]
[EventRounds "9"]
[EventCountry "USA"]
[SourceTitle "EXT 2022"]
[Source "ChessBase"]
[SourceDate "2021.10.06"]
[SourceVersion "1"]
[SourceVersionDate "2021.10.06"]
[SourceQuality "1"]

1. e4 e5 2. Nf3 Nf6 3. Nxe5 Nxe4 4. Qe2 Qe7 5. Qxe4 d6 6. d4 dxe5 7. Qxe5 Qxe5+ 8. dxe5 Bf5 9. Nc3 Nc6 10. Bb5 0-0-0 11. Bxc6 bxc6 12. 0-0 Bxc2 13. Be3 Kb7 14. Rac1 Bf5 15. Na4 Rd5 16. f4 Rd3 17. Bc5 Rd2 18. Rf2 Rxf2 19. Kxf2 Bxc5+ 20. Nxc5+ Kb6 21. Na4+ Kb7 22. Rd1 f6 23. exf6 gxf6 24. g3 Re8 25. Rd4 Bg4 26. Rb4+ Kc8 27. Nc3 Bf5 28. Ra4 Kb7 29. Rd4 Kc8 30. Ra4 Kb7 31. Rd4 Kc8 32. Rc4 Kb7 33. Ne2 Be4 34. Rb4+ Kc8 35. Nc3 Bf5 36. Ra4 1/2-1/2

[Event "Titled Tuesday intern op 11th May"]
[Site "Chess.com INT"]
[Date "2021.05.11"]
[Round "10"]
[White "Carrasco Miranda, Andres"]
[Black "Berdychevskaya, Natasha"]
[Result "0-1"]
[WhiteElo "2285"]
[BlackElo "2208"]
[PlyCount "118"]
[EventDate "2021.05.11"]
[EventType "swiss (blitz)"]
[EventRounds "11"]
[EventCountry "USA"]
[SourceTitle "CBM 202 Extra"]
[Source "ChessBase"]
[SourceDate "2021.07.31"]
[SourceVersion "1"]
[SourceVersionDate "2021.07.31"]
[SourceQuality "1"]

1. d4 d5 2. c4 c5 3. cxd5 Qxd5 4. Nf3 cxd4 5. Nc3 Qa5 6. Nxd4 Nf6 7. Nb3 Qh5 8. g3 e5 9. Bg2 Bb4 10. 0-0 Bxc3 11. bxc3 0-0 12. Ba3 Re8 13. e3 Qxd1 14. Rfxd1 Nc6 15. Bxc6 bxc6 16. Na5 Bg4 17. Rd6 Bf3 18. Nxc6 Rac8 19. Nxa7 Rxc3 20. Nb5 Rc2 21. Bb4 Ne4 22. Be1 Nxd6 23. Nxd6 Rd8 24. Nb5 Rd1 25. Rxd1 Bxd1 26. a4 Be2 27. Kg2 Bxb5 28. axb5 Rb2 29. Bc3 Rxb5 30. Kf3 f6 31. g4 Kf7 32. Kg3 Ke6 33. h4 g6 34. f3 Rb3 35. Bd2 f5 36. h5 Rd3 37. Bc1 Rd1 38. Bb2 gxh5 39. gxh5 Rh1 40. f4 exf4+ 41. exf4 Rxh5 42. Be5 Rh1 43. Kg2 Rb1 44. Kf3 Rb5 45. Bd4 Rb4 46. Be3 Kd5 47. Kf2 Ke4 48. Bd2 Rb2 49. Ke1 Kd3 50. Ba5 Ra2 51. Bd8 h5 52. Bg5 Ke3 53. Kf1 Kf3 54. Kg1 Rg2+ 55. Kh1 Rg4 56. Kh2 Rxf4 57. Kh3 Rg4 58. Bf6 Rg1 59. Bd4 Rh1# 0-1

[Event "Titled Tuesday intern op 11th May"]
[Site "Chess.com INT"]
[Date "2021.05.11"]
[Round "3"]
[White "Petrova, Irina"]
[Black "Berdychevskaya, Natasha"]
[Result "0-1"]
[WhiteElo "2110"]
[BlackElo "2208"]
[PlyCount "60"]
[EventDate "2021.05.11"]
[EventType "swiss (blitz)"]
[EventRounds "11"]
[EventCountry "USA"]
[SourceTitle "CBM 202 Extra"]
[Source "ChessBase"]
[SourceDate "2021.07.31"]
[SourceVersion "1"]
[SourceVersionDate "2021.07.31"]
[SourceQuality "1"]

1. e4 e5 2. Bc4 Nf6 3. Nc3 Bb4 4. d3 d5 5. exd5 Nxd5 6. Bd2 Nxc3 7. bxc3 Bd6 8. Nf3 0-0 9. 0-0 Bg4 10. h3 Bh5 11. Re1 Nc6 12. Rb1 Rb8 13. Bd5 Qf6 14. g4 Ne7 15. Bg5 Qg6 16. gxh5 Qxh5 17. Bb3 Qxh3 18. Bxe7 Bxe7 19. Rxe5 Qg4+ 20. Kf1 Qh3+ 21. Ke2 Bf6 22. Re4 Rfe8 23. Qh1 Rxe4+ 24. dxe4 Qg4 25. Ke3 Re8 26. Nd4 c5 27. Nb5 Bg5+ 28. Kd3 Rd8+ 29. Bd5 Rxd5+ 30. exd5 c4# 0-1